V druhej polovici 18. storočia.. Poznaj a chráň

Bibliographic Details
Main Author: Országhová, Zlatica, 1955- (Author)
Format: Article
Language:Slovak
PhysicalDescription:Obr. 1.
Subjects:

MARC

LEADER 00000nab a2200000 a 4500
001 vtls000079799
003 SK-MaSNL
005 20260303032112.0
008 111103c1981 xo 0 slo
015 |a SNBRB19rr/mm-uuuuu 
035 |a CL0089900 
040 |a SNKBUCL  |b slo  |c SNKBUCL  |e AACR2 
041 0 |a slo 
044 |a xo  |c SK 
080 |a 595  |2 1981 
100 1 |a Országhová, Zlatica,  |d 1955-  |4 aut  |9 87488 
245 1 0 |a V druhej polovici 18. storočia..  |b Poznaj a chráň  |c Zlatica Chudinová 
300 |b Obr. 1. 
650 0 7 |a čmeliak  |2 snkbucl  |9 83714 
650 0 7 |a čmeliak  |2 snkbucl  |9 83714 
655 7 |a články z novín a časopisov  |2 snkbucl  |9 267496 
773 0 |t Príroda a spoločnosť  |g Roč. 30, č. 5 (1981), s. 47 
850 |a Slovenská národná knižnica v Martine  |a MTA001 
852 |a SNK  |b KIS3GCP 
958 |a RK 
992 |a RBX 
999 |c 1662265  |d 1664195